[Event "RUS-ch U20"]
[Site "Ekaterinburg"]
[Date "1996.??.??"]
[Round "9"]
[White "Shariyazdanov, Andrey"]
[Black "Malakhov, Vladimir"]
[Result "1-0"]
[WhiteElo "2480"]
[BlackElo "2535"]
[Annotator "Chekhov,V"]
[PlyCount "63"]
[EventDate "1996.??.??"]
[EventType "tourn"]
[EventRounds "11"]
[EventCountry "RUS"]
[EventCategory "8"]
[SourceTitle "CBM 054"]
[Source "ChessBase"]
[SourceDate "1996.10.01"]
[SourceVersion "1"]
[SourceVersionDate "1996.10.01"]
[SourceQuality "1"]

1. d4 c5 2. d5 d6 3. e4 e5 4. Nc3 Be7 5. f4 $5 exf4 (5... a6 6. fxe5 dxe5 7. a4
Nf6 8. Nf3 Bg4 9. Be2 Bxf3 10. Bxf3 O-O 11. O-O Ne8 12. Be3 Nd7 13. Bg4 Ndf6
14. a5 Nd6 15. Ra4 $14 {Lobron,E-Ivanovic,B/Reggio Emilia/1984/1|0/53/}) 6.
Bxf4 Bg5 (6... Nf6 $5 7. Be2 (7. Bb5+ Nbd7 8. Nf3 O-O 9. O-O a6 10. Bxd7 Bxd7
11. e5 dxe5 12. Nxe5 Bd6 13. Qf3 Qc7 14. Nxd7 Qxd7 15. Rad1 Rae8 $10 {
Beliavsky,A-Dvoretzkij,M/Vilnius/1975/0,5/22/}) (7. Nf3 Bg4 8. Bb5+ Nbd7 9. h3
Bxf3 10. Qxf3 O-O 11. Bxd7 Qxd7 12. O-O-O Ne8 13. e5 dxe5 14. Bxe5 Bd6 15. Rhe1
Bxe5 16. Rxe5 Nd6 17. Ne4 Nxe4 18. Qxe4 $14 {Hodgson,J-Lerner,K/Moscow/1987/0,
5/29/}) 7... O-O 8. Nf3 Nh5 9. Be3 f5 10. exf5 Bxf5 11. O-O Bg6 12. Ne5 $1
Rxf1+ 13. Kxf1 Ng3+ 14. hxg3 dxe5 15. Bf3 Bd6 16. Be4 $14 {Beliavsky,
A-Ivanovic,B/Tivat/1995/1|0/34/}) 7. Qd2 (7. Bxg5 Qxg5 8. Nf3 Qe3+ 9. Qe2 Qxe2+
10. Bxe2 Nd7 11. Bb5 f6 12. O-O Ke7 13. a4 Nh6 14. Nd1 Nf7 15. Ne3 Nde5 $132 {
Zilberstein,V-Dolmatov,S/Daugavpils/1978/0,5/31/}) 7... Bxf4 8. Qxf4 a6 (8...
Qf6 9. Qxf6 Nxf6 10. Nb5 Kd7 11. Nf3 a6 $6 (11... Nxe4 12. Bd3 a6 (12... Nf6
13. O-O-O $146) 13. Bxe4 axb5 14. O-O $146) 12. e5 axb5 13. Bxb5+ Kc7 14. exf6
gxf6 15. O-O $16) 9. e5 $1 Qe7 10. Nf3 Nd7 11. O-O-O dxe5 $6 (11... Nxe5 $5 12.
Qg3 Nf6 (12... Kf8 $5) 13. Nxe5 dxe5 14. d6 Qe6 15. Qxg7 Rg8 16. Qh6 $36) 12.
Qg3 Qf6 (12... Ngf6 13. d6 Qe6 14. Ng5 Qf5 (14... Qg4 15. Nd5 Qxg3 16. Nc7+ Kf8
17. hxg3 Rb8 18. Bc4 $16) 15. Bc4 O-O 16. Rhf1 $16) 13. d6 Qg6 14. Nd5 Qxg3 15.
hxg3 Kf8 16. Ng5 h6 (16... Ngf6 17. Nc7 Rb8 18. Bc4 $16) 17. Nc7 Rb8 18. Bc4
hxg5 19. Rxh8 Ndf6 20. Nd5 Bg4 21. Rf1 Re8 22. Ne7 $18 Rxe7 (22... Rd8 23. Rxf6
gxf6 24. Rxg8#) 23. dxe7+ Kxe7 24. Rxg8 Nxg8 25. Rxf7+ Kd6 26. Rxb7 (26. Rxg7
Ne7 27. Rxg5 $18) 26... Ne7 27. Bxa6 e4 28. Kd2 Nd5 29. Rxg7 e3+ 30. Ke1 Nb4
31. Bd3 c4 32. Bh7 1-0

[Event "New York op"]
[Site "New York"]
[Date "1989.??.??"]
[Round "6"]
[White "Donaldson Akhmilovskaya, Elena"]
[Black "Gheorghiu, Florin"]
[Result "1/2-1/2"]
[WhiteElo "2430"]
[BlackElo "2515"]
[Annotator "ChessBase"]
[PlyCount "94"]
[EventDate "1989.03.??"]
[EventType "swiss"]
[EventRounds "9"]
[EventCountry "USA"]
[SourceTitle "CBM 012"]
[Source "ChessBase"]
[SourceDate "1989.10.01"]
[SourceVersion "1"]
[SourceVersionDate "1989.10.01"]
[SourceQuality "1"]

1. d4 c5 2. d5 e5 3. Nc3 d6 4. e4 Be7 5. Nf3 Bg4 6. h3 (6. Be2 Bxf3 7. Bxf3 Bg5
(7... Na6 8. O-O Nc7 9. a4 Bg5 10. Bxg5 Qxg5 11. Nb5 Qe7 12. Na3 Nh6 13. Nc4 b6
14. g3 $14 {Gereben-Vaisman/Sandomierz/1976/}) 8. Bxg5 Qxg5 9. a4 Nh6 10. Ra3
O-O 11. Qd2 Qe7 12. O-O Nd7 13. Be2 Kh8 14. Bb5 Rad8 15. Re1 Qh4 16. Bf1 f5 17.
exf5 Nxf5 18. Ne4 Nd4 19. c3 Nf5 20. Qg5 Qxg5 21. Nxg5 Rc8 22. Bd3 Nb6 23. Bxf5
Rxf5 24. Ne4 Rd8 25. Rd1 h6 26. a5 Nc8 27. b4 Rf4 28. f3 c4 29. b5 Rf7 30. Ra4
Rc7 31. Rb1 Ne7 32. b6 Rcc8 33. bxa7 Nxd5 34. Rd1 Nf6 35. Nxd6 {1-0;
Jansson-Jacobsen/Siegen ol/1970/}) 6... Bxf3 7. Qxf3 Bg5 8. Bxg5 (8. Bb5+ $6
Kf8 9. Bxg5 Qxg5 10. h4 Qe7 11. Be2 h5 12. a4 g6 13. g3 Kg7 14. O-O Nh6 15. Nd1
Nd7 16. Ne3 Raf8 17. a5 f5 $15 18. exf5 e4 19. Qg2 Nxf5 20. Nxf5+ Rxf5 21. a6
b6 22. g4 hxg4 23. Bxg4 Rf4 24. Rae1 Ne5 25. Rxe4 Rxe4 26. Qxe4 Qxh4 27. Bf3
Rf8 28. Bh1 Ng4 29. Qg2 Rf3 30. c4 Kh6 {0-1; Podgaets,M-Dvorietzky,M/URS-FL
Odessa/1974/}) 8... Qxg5 9. Nb5 Qd8 10. Qg4 Kf8 $1 (10... Nf6 $6 11. Qxg7 Rg8
12. Qh6 a6 13. Nc7+ Qxc7 14. Qxf6 Qa5+ 15. c3 Nd7 16. Qf5 Qa4 17. Be2 Rg7 18.
O-O Ke7 {Ciocaltea ECO A/44,49} 19. Bg4 $1 $16 {Donaldson Akhmilovskaya,E und
Miles,A} Nf6 20. f4 $1) (10... g6 $2 11. Nxd6+ $1 Qxd6 12. Qc8+ Qd8 13. Bb5+
$18) 11. Nxd6 Nf6 12. Qc8 Qxc8 13. Nxc8 Nxe4 14. Bd3 Nd7 $1 {N} (14... Nf6 15.
Nd6 b6 16. O-O-O {+/- Ciocaltea ECO A44/10,49} Nbd7 17. Bb5 g6 18. Rhe1 Rd8 19.
Nc4 Kg7 20. Nxe5 Nxe5 21. Rxe5 Rd6 22. c4 a6 23. Bc6 Rb8 24. Rd3 Ng8 25. Ra3 a5
26. g4 Kf8 27. Rae3 Rdd8 28. Kc2 f6 29. Re6 Nh6 30. Re7 Nf7 31. Ra7 Ne5 32. Bb5
g5 33. Rxh7 Kg8 34. Ra7 Ra8 35. Re7 Rd6 36. Kc3 Rf8 37. Re4 Rf7 38. Rxf7 Kxf7
39. f4 Nf3 40. Be8+ Kg7 41. fxg5 fxg5 42. Re7+ Kg8 43. Re6 Rxe6 44. dxe6 Kf8
45. Bd7 Ne5 46. b3 Ke7 47. Kd2 Ng6 48. Ke3 Nf4 49. Ke4 Nxh3 50. Kf5 Nf2 51.
Kxg5 a4 52. Kf5 a3 53. g5 Nd1 54. g6 Ne3+ 55. Kf4 Ng2+ 56. Kg5 {1-0; Hort,
V-Spiridonov/Athens zt/1969/}) 15. Bxe4 Rxc8 16. d6 {16.0-0-0 +/=; Hort Inf.8/
60} b6 (16... Nf6 {!; Miles} 17. Bxb7 Rb8 18. Bf3 e4 19. Be2 {19.Bc6!? Miles}
Rxb2 20. O-O-O {Miles,A-Gheorghiu,F/Ostende op/1986/1-0/54/ -> Inf.42/57} Rxa2
$5 21. Kb1 Ra4 22. c3 $44 {Miles}) 17. O-O-O g6 18. g4 Kg7 19. h4 Rhe8 20. Rh3
Re6 21. Ra3 a5 22. Rb3 Rd8 23. f3 Rf6 24. a4 Rf4 25. Bc6 Rb4 26. Rxb4 cxb4 27.
Rd5 Kf6 28. Rb5 Nc5 29. d7 Nxa4 30. b3 Nc5 31. Rxb6 {(46, ru)} Ke7 32. Rb5 Kd6
33. Be4 Rxd7 34. Rxa5 f5 $1 35. gxf5 gxf5 36. Bxf5 Rf7 37. Be4 Nxe4 38. fxe4
Rf4 39. Ra6+ Kc5 40. Rh6 Rxe4 41. Rxh7 Re2 42. Rc7+ Kd4 43. Rc4+ Ke3 44. Rxb4
e4 45. Rb8 Rh2 46. b4 Kd4 47. b5 Kc5 1/2-1/2

[Event "Baku 20 Years"]
[Site "Baku"]
[Date "1980.04.04"]
[Round "5"]
[White "Kasparov, Garry"]
[Black "Torre, Eugenio"]
[Result "1-0"]
[WhiteElo "2595"]
[BlackElo "2520"]
[Annotator "ChessBase"]
[PlyCount "113"]
[EventDate "1980.03.30"]
[EventType "tourn"]
[EventRounds "15"]
[EventCountry "URS"]
[EventCategory "10"]
[SourceTitle "EXT 2000"]
[Source "ChessBase"]
[SourceDate "1999.11.16"]
[SourceVersion "1"]
[SourceVersionDate "1999.11.16"]
[SourceQuality "1"]

1. d4 c5 2. d5 d6 3. c4 e5 4. e4 Be7 5. Nf3 Bg4 6. Nbd2 Na6 7. Be2 Nf6 8. a3
O-O 9. O-O g6 10. Ne1 Bd7 11. Nd3 Ne8 12. b4 Rc8 13. Bb2 Bf6 14. Qb3 b6 15. Kh1
Bg7 16. f4 Bh6 17. Rf2 f6 18. b5 Nb8 19. Bf1 Rc7 20. g3 Bc8 21. Bg2 Rcf7 22. a4
Ng7 23. Bc3 Nh5 24. Qd1 Ng7 25. a5 Ne8 26. Qe2 Bg7 27. axb6 axb6 28. f5 Bh6 29.
h4 Rg7 30. Nf1 Rff7 31. Ra8 Bb7 32. Ra2 Bc8 33. Bh3 Ra7 34. Qf3 Rgb7 35. Nh2
Qc7 36. Kg2 Bg7 37. Bg4 gxf5 38. Bxf5 Bxf5 39. Qxf5 Qd7 40. h5 Qxf5 41. exf5
Bh6 42. Ng4 Bg5 43. h6 Re7 44. Rfe2 Kf7 45. Ndf2 Bc1 46. Ne4 Red7 47. Kf3 Ke7
48. Rxa7 Rxa7 49. Re1 Bg5 50. Nxg5 fxg5 51. Nxe5 $1 dxe5 (51... Ra3 52. Ng6+
Kd8 53. Re3 $18) 52. Bxe5 Nd6 (52... Ra3+ 53. Kg4 Nd7 54. Bb2+ $18) 53. f6+ Kd7
54. Bxd6 Kxd6 55. Re6+ Kc7 56. f7 Ra1 57. Ke2 1-0

[Event "Match Tatai-Mariotti +3-2=3"]
[Site "Rome"]
[Date "1977.11.25"]
[Round "8"]
[White "Tatai, Stefano"]
[Black "Mariotti, Sergio"]
[Result "1-0"]
[WhiteElo "2480"]
[BlackElo "2490"]
[Annotator "ChessBase"]
[PlyCount "91"]
[EventDate "1977.11.13"]
[EventType "match"]
[EventRounds "8"]
[EventCountry "ITA"]
[SourceTitle "EXT 1998"]
[Source "ChessBase"]
[SourceDate "1997.11.17"]
[SourceVersion "1"]
[SourceVersionDate "1997.11.17"]
[SourceQuality "1"]

1. d4 c5 2. d5 e5 3. e4 d6 4. f4 exf4 5. Bxf4 Ne7 6. Bb5+ Bd7 7. Bxd7+ Qxd7 (
7... Nxd7 8. Bxd6 Qb6 9. Bg3 Qxb2 10. Nd2 $16) 8. Nd2 Ng6 9. Bg3 Be7 10. Ngf3
O-O 11. O-O Qc7 (11... f5 12. exf5 Rxf5 13. Ne4 $16) (11... Na6 12. c3 Nc7 13.
Nc4 $16) 12. Nc4 $16 b5 13. Ne3 Nd7 14. Nf5 f6 15. N3h4 (15. h4) (15. Qe2)
15... Rf7 16. Nxg6 hxg6 17. Nh4 $16 Nf8 18. a4 b4 19. c3 (19. Qg4 Qc8 20. Qe2
Qd7 21. Nf3 $14) (19. Nf3 Nd7 20. Qe2 Re8 21. Nd2 $16) 19... Qd7 20. cxb4 cxb4
21. Nf3 $16 Bd8 22. a5 Re7 23. Qd3 {[#]} Nh7 (23... f5 24. e5 $16) (23... Bc7
24. Nd4 $16) 24. Rfe1 $18 Re8 25. Nd4 $1 Ng5 26. Nc6 Nf7 27. b3 f5 {[#]} 28.
exf5 Rxe1+ 29. Rxe1 gxf5 30. Re6 $18 Rc8 31. Qxf5 Rxc6 32. dxc6 Qxc6 33. h3 Bf6
34. Kh2 Kf8 35. Re4 Qb7 36. Rc4 Ke7 37. Qe4+ Qxe4 38. Rxe4+ Kd7 39. Rxb4 Nd8
40. a6 Bc3 41. Rc4 Bf6 42. b4 Ne6 43. b5 Bd8 44. Bf2 d5 45. Rc6 Bc7+ 46. Kg1
1-0

[Event "YUG-ch36 Final"]
[Site "Borovo"]
[Date "1981.03.11"]
[Round "13"]
[White "Vukic, Milan"]
[Black "Ivanovic, Bozidar"]
[Result "0-1"]
[WhiteElo "2505"]
[BlackElo "2490"]
[Annotator "ChessBase/Cebalo"]
[PlyCount "74"]
[EventDate "1981.02.24"]
[EventType "tourn"]
[EventRounds "19"]
[EventCountry "YUG"]
[EventCategory "9"]
[SourceTitle "EXT 1999"]
[Source "ChessBase"]
[SourceDate "1998.11.16"]
[SourceVersion "1"]
[SourceVersionDate "1998.11.16"]
[SourceQuality "1"]

1. d4 {1)Sahovski Glasnik 1981, p.189} c5 2. d5 e5 3. e4 d6 4. Nc3 a6 5. a4 Be7
6. f4 (6. Nf3 Bg4 7. g3 Nd7 8. Bg2 h6 9. O-O Bg5 10. Qd3 Bxc1 11. Raxc1 Bxf3
12. Qxf3 $16 Ngf6 13. Nd1 (13. Qe2 $16) 13... b5 14. Ne3 $16 g6 15. Ra1 (15.
Qe2 $16) 15... O-O 16. Ng4 $2 (16. b3 $16) 16... Kg7 $11 17. axb5 axb5 18. Nxf6
Nxf6 19. Qe2 Qb6 20. Bh3 Ra4 21. f3 Rfa8 22. Rab1 Rd4 23. Qe3 Qa7 24. Rf2 c4 $2
(24... Qa2 $11) 25. Bf1 Qa4 $2 (25... c3 26. bxc3 Ra4 27. Qxa7 R8xa7 28. Bxb5
$16) 26. Qe1 $18 {1-0 (41) Gligoric,S-Jovic,S Vrnjacka Banja 1962 EXT 2000 
[GJ17Datum]}) 6... exf4 7. Bxf4 Bg5 8. Qd2 Bxf4 9. Qxf4 Ne7 10. Nf3 Ng6 11. Qg3
O-O 12. h4 f6 13. h5 Ne5 14. Be2 Nf7 15. a5 Nd7 16. O-O Nde5 17. Nd2 Bd7 18. b3
{[#]} b5 (18... Bb5 19. Bxb5 axb5 20. Nxb5 Rxa5 $11) 19. axb6 a5 (19... Qxb6
20. Nd1 (20. Rxf6 c4+ 21. Kh1 cxb3 22. cxb3 Qd4 $15) 20... a5 $11) 20. Ra2 (20.
Na4 Bxa4 21. Rxa4 Qxb6 22. Kh1 Nh6 $11) 20... Qxb6 21. Kh1 Kh8 22. Rfa1 (22.
Na4 Qb4 23. Qe3 f5 24. exf5 Nh6 $11) 22... f5 23. exf5 Nh6 24. f6 Rxf6 25. Nce4
Rff8 26. Qc3 (26. Nc4 Nxc4 27. bxc4 Nf5 28. Qg4 a4 29. Bd3 $11) 26... Qd8 27.
Kg1 Nf5 {[#]} 28. Nxd6 $2 (28. Rxa5 Rxa5 29. Qxa5 Nd4 $15) 28... Nd4 $19 29.
Re1 Qh4 30. N2e4 Nxe2+ 31. Rxe2 {[#]} Rf1+ $1 32. Kxf1 Qh1+ 33. Kf2 Ng4+ 34.
Kf3 Rf8+ 35. Nf6 Rxf6+ 36. Ke4 Qf1 37. Kd3 Nf2+ 0-1

[Event "YUG-chT"]
[Site "Tivat"]
[Date "1995.??.??"]
[Round "4"]
[White "Shneider, Aleksandr"]
[Black "Ivanovic, Bozidar"]
[Result "1-0"]
[WhiteElo "2530"]
[BlackElo "2495"]
[Annotator "Dolmatov,S"]
[PlyCount "123"]
[EventDate "1995.??.??"]
[EventType "team-swiss"]
[EventRounds "11"]
[EventCountry "YUG"]
[SourceTitle "CBM 048 Extra"]
[Source "ChessBase"]
[SourceDate "1995.11.01"]
[SourceVersion "1"]
[SourceVersionDate "1995.11.01"]
[SourceQuality "1"]

1. d4 c5 2. d5 e5 3. e4 d6 4. Nc3 Be7 5. Nf3 Bg4 6. h3 Bxf3 7. Qxf3 Bg5 8. Bxg5
Qxg5 9. Nb5 (9. Bb5+ $6 Kf8 10. h4 Qe7 11. Be2 h5 $10) 9... Qd8 10. Qg4 Kf8 (
10... Nf6 $2 11. Qxg7 Rg8 12. Qh6 a6 13. Nc7+ Qxc7 14. Qxf6 Qa5+ 15. c3 Nd7 $16
{Vaganian,R-Hug,W/Caracas/1976/}) 11. Nxd6 Nf6 12. Qc8 Qxc8 13. Nxc8 Nxe4 14.
Bd3 Nd7 (14... Nf6 $2 15. Nd6 b6 16. O-O-O $16 {Hort,V-Spiridonov,N/Athens/
1969/}) 15. Bxe4 Rxc8 16. d6 Rb8 $6 (16... b6 17. Bf5 (17. O-O-O g6 18. Rhe1
Kg7 19. Bb7 Rcd8 20. Bc6 Rhe8 21. f4 Re6 22. Bxd7 Rxd7 23. fxe5 f6 $10) 17...
Rd8 18. O-O-O g6 19. Bxd7 Rxd7 20. Rhe1 f6 21. f4 Kf7 22. fxe5 Re8 $10) 17. Bf5
Nf6 $2 (17... Rd8 18. O-O-O f6 19. Be6 g6 20. Rhe1 Kg7 21. f4 Rhe8 22. Bxd7
Rxd7 23. Rd5 $10) 18. O-O-O g6 19. Bd3 e4 (19... Rd8 20. Rhe1 Rxd6 21. Rxe5 b6
22. Rde1 Rd7 23. Bb5 Rc7 24. g4 $16) 20. Bc4 Kg7 (20... b5 21. Bd5 Kg7 22. Rhe1
Rb6 23. Bxe4 Rd8 24. Bf3 Rbxd6 25. Rxd6 Rxd6 26. Re7 a6 27. Rc7 $14) 21. Rhe1
Rhd8 (21... b5 $5 22. Bd5 Rb6 23. Bxe4 Re8 24. d7 Rd8 25. Bf3 Rxd7 26. Rxd7
Nxd7 27. Re7 Rd6 28. Bg4 $14) 22. a4 a6 23. a5 b5 (23... Rd7 24. f3 (24. Re3 $2
Rbd8 25. Rb3 Ne8) 24... exf3 25. gxf3 Rbd8 26. Re7 $16) 24. axb6 Rxb6 25. d7 a5
$2 (25... Rb7 26. Bxa6 Rbxd7 27. Rxd7 Rxd7 28. Bc4 $14) 26. f3 Rb4 27. b3 exf3
28. gxf3 Rb7 29. Re5 (29. Re7 $2 Rdxd7 $15) 29... Rbxd7 30. Rxd7 Rxd7 (30...
Nxd7 31. Rd5 Kf6 32. Bb5 Ke7 33. Bxd7 Rxd7 34. Rxc5 $16) 31. Rxc5 Ra7 32. Kb2
$16 Nd7 33. Rb5 Kf6 34. Ka3 Ke7 35. Bd5 f6 36. Bc6 Ne5 37. Be4 Kd6 38. Rb6+ (
38. Ka4 Nd7 39. Rxa5 Nc5+ 40. Kb5 Rxa5+ 41. Kxa5 Nxe4 42. fxe4 g5 43. b4 Kc7)
38... Ke7 39. Ka4 Nd7 40. Rb5 Kd6 41. Rd5+ $1 Ke6 42. Rxa5 Nc5+ 43. Kb4 Rxa5
44. Kxa5 Nxe4 45. fxe4 g5 (45... f5 46. exf5+ gxf5 47. Kb4 Ke5 48. Kc3 Ke4 49.
b4 f4 50. b5 f3 51. Kd2 $18) 46. b4 h5 47. b5 Kd7 48. Ka6 g4 49. hxg4 hxg4 50.
b6 g3 51. b7 g2 52. b8=Q $18 g1=Q 53. Qb7+ Ke8 54. Qa8+ Kd7 55. Qd5+ Ke7 56. c4
Qg3 57. c5 Qa3+ 58. Kb7 Qb2+ 59. Kc8 Qa1 60. Kb8 Qg1 61. Qb7+ Ke6 62. c6 1-0

[Event "YUG-chT"]
[Site "Tivat"]
[Date "1995.??.??"]
[Round "6"]
[White "Beliavsky, Alexander G"]
[Black "Ivanovic, Bozidar"]
[Result "1-0"]
[WhiteElo "2650"]
[BlackElo "2495"]
[Annotator "Dolmatov,S"]
[PlyCount "67"]
[EventDate "1995.??.??"]
[EventType "team-swiss"]
[EventRounds "11"]
[EventCountry "YUG"]
[SourceTitle "CBM 048 Extra"]
[Source "ChessBase"]
[SourceDate "1995.11.01"]
[SourceVersion "1"]
[SourceVersionDate "1995.11.01"]
[SourceQuality "1"]

1. d4 c5 2. d5 e5 3. e4 d6 4. Nc3 Be7 5. f4 exf4 6. Bxf4 Nf6 (6... Bf6 7. Nf3
Bg4 8. Bb5+ Kf8 9. Be2 Bxf3 10. Bxf3 Ne7 11. Bh5 Qb6 12. O-O Nd7 $13) 7. Be2 (
7. Bb5+ $6 Nbd7 8. Nf3 O-O 9. O-O a6 10. Bxd7 Bxd7 11. e5 dxe5 12. Nxe5 Bd6 $10
) 7... O-O 8. Nf3 Nh5 $5 (8... Bg4 9. Nd2 Bxe2 10. Qxe2 Nbd7 11. O-O a6 12. Nc4
Ne8 $16) (8... Re8 9. O-O Nbd7 10. Nd2 Nf8 11. a4 Ng6 12. Bg3 Bf8 13. Ra3 Ne5
14. h3 $16 {Bellon-Fraguela/Montilla/1976/}) 9. Be3 f5 10. exf5 (10. O-O $2 f4
$132) 10... Bxf5 11. O-O Bg6 (11... Nd7 12. Nd2 $16) (11... Nf6 12. Nh4 Bd7 13.
Nf5 $16) 12. Ne5 $1 Rxf1+ 13. Kxf1 Ng3+ (13... Qf8+ 14. Kg1 Nf4 15. Nxg6 Nxe2+
16. Qxe2 $16) 14. hxg3 dxe5 15. Bf3 Bd6 (15... Nd7 $2 16. d6 $16) 16. Be4 Nd7 (
16... Qf6+ $5 17. Kg1 Nd7) 17. Qd3 (17. Bxg6 $2 Qf6+ 18. Kg1 Qxg6 $10) 17...
Qf6+ (17... Bxe4 18. Nxe4 Nf6 19. Bg5) (17... Nf8 $5) 18. Ke2 Bh5+ 19. Kd2 Nf8
20. Rh1 Bg6 21. Bxg6 Nxg6 22. Ne4 Qd8 (22... Qe7 23. Rxh7 $5 (23. Ng5 $6 Nf8
24. Nxh7 e4) 23... Kxh7 24. Ng5+ Kh6 (24... Kg8 25. Qxg6) 25. Qf5 $18) 23. Kc1
b6 24. Rxh7 $1 c4 (24... Kxh7 25. Ng5+ Kg8 26. Qxg6) 25. Qe2 Kxh7 26. Qh5+ Kg8
27. Qxg6 Bc5 (27... Be7 28. d6 Bf6 29. Bg5 Qe8 30. Qxe8+ Rxe8 31. Nxf6+ gxf6
32. Bxf6 $18) 28. Bg5 Be7 29. d6 Qf8 (29... Bxg5+ 30. Nxg5 $18) 30. Qe6+ (30.
dxe7 Qf1+ 31. Kd2 Qxg2+ 32. Ke3 Qg1+ 33. Ke2 $18) 30... Kh7 31. Qh3+ Kg6 32.
Bxe7 Qf5 33. Qxf5+ Kxf5 34. Ng5 1-0

[Event "American Continental 2nd"]
[Site "Buenos Aires"]
[Date "2003.08.17"]
[Round "1"]
[White "Kaidanov, Gregory S"]
[Black "Dobson Aguilar, Luis Francisco"]
[Result "1-0"]
[WhiteElo "2638"]
[BlackElo "2330"]
[Annotator "Finkel,A"]
[PlyCount "97"]
[EventDate "2003.08.17"]
[EventType "swiss"]
[EventRounds "11"]
[EventCountry "ARG"]
[SourceTitle "CBM 097"]
[Source "ChessBase"]
[SourceDate "2003.11.11"]
[SourceVersion "1"]
[SourceVersionDate "2003.11.11"]
[SourceQuality "1"]

1. d4 c5 2. d5 e5 3. e4 d6 4. Nc3 Be7 5. f4 exf4 6. Bxf4 Nf6 7. Bb5+ Bd7 8. e5
(8. Bxd7+ Nbxd7 9. Nf3 O-O 10. O-O Ng4 11. h3 Nge5 12. Nxe5 dxe5 13. Bg3 Bf6
14. d6 $14 {Volzhin,A-Tsebekov,H/Krasnodar 1997}) (8. Be2 O-O 9. Qd3 b5 10. Nh3
c4 11. Qe3 Na6 12. Nf2 Re8 13. O-O {1/2-1/2 Schlenker,J-Hofrichter,J/Waldshut
2002/EXT 2003 (13)}) 8... dxe5 9. Bxe5 Bxb5 10. Nxb5 Qa5+ 11. Nc3 Nbd7 {
White's play in the opening was too careless and as a result black got very
comfortable position.} 12. Nf3 O-O 13. O-O c4 (13... Nxe5 14. Nxe5 c4 15. Kh1
Qb4 16. Qf3 Rad8 $13) 14. Kh1 Bb4 $1 {There is nothing wrong in taking the
pawn.} 15. a3 Bxc3 16. Bxc3 Qxd5 17. Qe1 $44 Qe4 (17... Qe6 18. Qh4 Qg4 19.
Rad1 Qxh4 20. Nxh4 $44) 18. Qf2 Qg4 19. Rad1 Ne4 20. Qd4 Ndf6 21. Be1 h6 (21...
b5 22. Bh4 Rfe8) 22. Bh4 Rfd8 {After this move tha character of the struggle
becomes completely different, so deserved attention} (22... Rfe8 $15) 23. Qxd8+
Rxd8 24. Rxd8+ Kh7 25. Rd4 Qe6 (25... Nh5 $1 {[%cal Gh5f4]} 26. h3 Nhg3+ 27.
Bxg3 Nxg3+ 28. Kg1 Qg6 29. Rf2 Qb6 $15) 26. Re1 Qc6 (26... g5 $2 27. Bxg5 $1
hxg5 28. Nxg5+ Nxg5 29. Rxe6 Nxe6 30. Rxc4 $16) 27. Bxf6 Nxf6 28. c3 Qb5 29.
Rd2 Qf5 30. Nd4 Qg5 31. Rde2 Qh5 (31... a6 32. Re7 Ng4 $13) 32. Kg1 Qc5 33. Re7
Qb6 34. R1e2 Kg8 35. h3 Nd5 36. R7e5 Nf4 37. Rf2 g5 38. Rf5 Qg6 (38... Qd6 {
[%cal Gd6e7]}) 39. Kh2 Nd3 40. Re2 Qd6+ 41. g3 Qb6 42. Rd5 Qg6 43. Nf5 Qb6 $2 (
43... Kh7) 44. Rd6 $16 Qb5 45. Nxh6+ Kh7 $2 (45... Kg7 46. g4 Nf4 47. Nf5+ Kg8
48. Nd4 Qc5 49. Re8+ Kh7 50. Rd7 $16) 46. Nxf7 $18 Qc5 $6 47. Nxg5+ $1 Qxg5 48.
Rd7+ Kg6 49. Re6+ 1-0

[Event "Bundesliga 0304"]
[Site "Germany"]
[Date "2004.03.28"]
[Round "13.8"]
[White "Ahlander, Bjorn"]
[Black "Borik, Otto"]
[Result "1-0"]
[WhiteElo "2397"]
[BlackElo "2429"]
[Annotator "Finkel,A"]
[PlyCount "75"]
[EventDate "2003.11.01"]
[EventType "team-tourn"]
[EventRounds "15"]
[EventCountry "GER"]
[SourceTitle "CBM 100"]
[Source "ChessBase"]
[SourceDate "2004.06.01"]
[SourceVersion "1"]
[SourceVersionDate "2004.06.01"]
[SourceQuality "1"]
[WhiteTeam "Neukoelln"]
[BlackTeam "Bremer SG"]
[WhiteTeamCountry "GER"]
[BlackTeamCountry "GER"]

1. d4 g6 2. c4 Bg7 3. Nf3 c5 4. d5 d6 5. e4 e5 $6 6. Bd3 Ne7 {[%csl Re7] The
grave danger of the set up being chosen by black is to get deprived of any
counterplay.} 7. h3 $1 (7. O-O O-O 8. Ne1 f5 9. f4 $6 Nd7 10. Nc3 exf4 11. Bxf4
Ne5 $132 {Sidorova,E-Sabjanov,R/Nizhnij Novgorod 1998}) (7. Nc3 a6 8. Be3 Bg4
9. h3 Bxf3 10. Qxf3 Nd7 11. a3 Rb8 12. b4 Qc7 13. O-O $14 {Salamon,F-Timko,M/
Budapest 1998}) 7... O-O 8. g4 $1 {A typical reaction for this kind of
position.} Na6 (8... a6 9. Nc3 Kh8 10. Bg5 f6 11. Be3 Bd7 12. Nd2 f5 13. gxf5
gxf5 14. Bg5 Qe8 15. Be2 $14 {Epitashvili,K-Vasiltseva,M/Batumi 2002}) (8... f5
9. gxf5 gxf5 10. Rg1 f4 11. Nc3 $14) 9. Nc3 Bd7 10. Qe2 Rb8 11. Be3 Nc7 12. a3
a5 (12... b5 13. cxb5 f5 14. gxf5 gxf5 15. Rg1 fxe4 16. Bxe4 Kh8 17. a4 $16)
13. a4 $5 $16 {Closing the queenside in order to start actions on the kingside
without being disturbed.} Na6 14. O-O-O Nb4 15. Bb1 f6 16. Rdg1 Qc8 17. Nd2 g5
$6 (17... b6 18. h4 Rb7 19. f4 exf4 20. Bxf4 Qc7 21. Nb5 Bxb5 22. cxb5 Rbb8 23.
Nc4 $16) 18. Nf1 Ng6 19. Ng3 Nf4 20. Qd2 Re8 21. f3 h6 22. h4 Kf7 23. hxg5 fxg5
(23... hxg5 24. Nf5 Bxf5 25. exf5 Rh8 26. Bxf4 gxf4 27. Ne4 Qd7 28. g5 $16) 24.
Nf5 Bxf5 25. exf5 Rh8 26. Rh2 Qd7 27. Rgh1 h5 $2 {Losing on the spot.} (27...
Ke7 28. Bxf4 exf4 29. Qe1+ $1 Kd8 30. Re2 $16 {[%cal Ge2e6]} Be5 $140 $2 31.
Rxe5 dxe5 32. Qxe5 $18) 28. Ne4 $18 {[%csl Rd6,Rg5]} Qxa4 (28... Qe7 29. Bxf4
exf4 30. Rxh5 $18) 29. Nxd6+ Kg8 30. Bxf4 exf4 31. f6 Bxf6 32. Qe2 Qd7 33. Ne4
Bd4 34. Rxh5 Rxh5 35. Rxh5 Be3+ 36. Qxe3 fxe3 37. Nf6+ Kf7 38. Nxd7 1-0